00972nam0a22002291 4500001001100000005001700011035002600028100004100054101001300095102000700108105001800115200012700133210006200260215001600322300008500338606014400423700008700567702002900654801001800683801002200701852001900723rc\230546720250623102249.0 a(NLR Aleph) 006719053 a20110829d1977 |||y0rusy50 ca1 aruscukr aRU ay z |||a|1 aСуровая памятьeПовестьfЯков Сикорскийg[Перевел с укр. М. Чернега] aКишиневcКартя молдовеняскэd1977 a244 с.d16 aВ вып. дан. авт.: Сикорский Яков Парфеньевич aСоветская Армия на фронтах Великой Отечественной войны 1941-1945 гг. (х. л.)2rkp 16z01790aСикорскийbЯ.П.f1904-1980gЯков Парфентьевич 1aЧернегаbМ.4730 0aRUbNLRgpsbo 1aRUbELAR2rusmarc aNLRj77-2/4292